عرض عادي عرض مارك
  • Ramrakha, Punit S.

مدخل إسم شخص

عدد التسجيلات المستخدمة في: 1

001 - رقم الضبط

  • حقل الضبط: 38951

003 - معرف رقم الضبط

  • حقل الضبط: OSt

005 - تاريخ ووقت أخر عملية

  • حقل الضبط: 20131102091934.0

008 - عناصر بيانات ثابتة الطول

  • حقل تحكم ثابت الطول: 131102|||a|||||| | ||| d

040 ## - مصدر الفهرسة

  • هيئة الفهرسة الأصلية: OSt
  • وكالة الكتابة: OSt

100 ## - مدخل -- أسم شخص

  • إسم شخص: Ramrakha, Punit S.
  • عنوان العمل: Oxford handbook of cardiology.

670 ## - بيانات المصدر موجوده

  • الاستشهاد بالمصدر: Work cat.: (OSt)0: Oxford handbook of cardiology /, 2012.